Public Personnel administration : (Record no. 3094)
[ view plain ]
| 000 -LEADER | |
|---|---|
| fixed length control field | nam a22 a 4500 |
| 003 - CONTROL NUMBER IDENTIFIER | |
| control field | AKMAL |
| 005 - DATE AND TIME OF LATEST TRANSACTION | |
| control field | 20170519112118.0 |
| 008 - FIXED-LENGTH DATA ELEMENTS--GENERAL INFORMATION | |
| fixed length control field | 170519t1985 xxu 00 eng d |
| 020 ## - INTERNATIONAL STANDARD BOOK NUMBER | |
| International Standard Book Number | 039535966X |
| 040 ## - CATALOGING SOURCE | |
| Original cataloging agency | AKMAL |
| 082 04 - DEWEY DECIMAL CLASSIFICATION NUMBER | |
| Classification number | 658.3 SIE |
| 090 20 - LOCALLY ASSIGNED LC-TYPE CALL NUMBER (OCLC); LOCAL CALL NUMBER (RLIN) | |
| Classification number (OCLC) (R) ; Classification number, CALL (RLIN) (NR) | 658.3 |
| Local cutter number (OCLC) ; Book number/undivided call number, CALL (RLIN) | SIE |
| 100 1# - MAIN ENTRY--PERSONAL NAME | |
| Personal name | Siegel, Gilbert B. |
| 9 (RLIN) | 6416 |
| 245 10 - TITLE STATEMENT | |
| Title | Public Personnel administration : |
| Remainder of title | concepts and pratices / |
| Statement of responsibility, etc. | Gilbert B.Siegel and Robert C.Myrtle |
| 260 ## - PUBLICATION, DISTRIBUTION, ETC. | |
| Place of publication, distribution, etc. | Boston : |
| Name of publisher, distributor, etc. | Huoghton Mifflin, |
| Date of publication, distribution, etc. | 1985 |
| 300 00 - PHYSICAL DESCRIPTION | |
| Extent | xiv, 464p. : |
| Other physical details | ill. ; |
| Dimensions | 25cm |
| 504 ## - BIBLIOGRAPHY, ETC. NOTE | |
| Bibliography, etc. note | Includes bibliographical references and index |
| 650 #0 - SUBJECT ADDED ENTRY--TOPICAL TERM | |
| Topical term or geographic name entry element | Civil service |
| General subdivision | Personnel management |
| 9 (RLIN) | 6417 |
| 650 #0 - SUBJECT ADDED ENTRY--TOPICAL TERM | |
| Topical term or geographic name entry element | Public administration |
| 9 (RLIN) | 4050 |
| 650 #0 - SUBJECT ADDED ENTRY--TOPICAL TERM | |
| Topical term or geographic name entry element | Personnel management |
| 9 (RLIN) | 602 |
| 700 1# - ADDED ENTRY--PERSONAL NAME | |
| Personal name | Myrtle, Robert C. |
| 9 (RLIN) | 6418 |
| 942 ## - ADDED ENTRY ELEMENTS (KOHA) | |
| Source of classification or shelving scheme | |
| Koha item type | Book |
| Withdrawn status | Lost status | Source of classification or shelving scheme | Damaged status | Not for loan | Collection code | Home library | Current library | Shelving location | Date acquired | Inventory number | Total Checkouts | Full call number | Barcode | Date last seen | Price effective from | Koha item type |
|---|---|---|---|---|---|---|---|---|---|---|---|---|---|---|---|---|
| NON-FICTION | AKMAL Melaka | AKMAL Melaka | PINJAMAN | 19.05.2017 | 600095 | 658.3 SIE | 201703912 | 19.05.2017 | 19.05.2017 | Book |
